Movies by Opening Scene - #2 - Statistics

General Stats
  • This quiz has been taken 305 times
  • The average score is 6 of 18
Answer Stats
Opening Scene Description Answer Genre % Correct
Church bells ring as a young postulant sings to herself in the nearby mountains The Sound of Music Musical
66%
A police officer attempts to speak to owners of a large suburban home while the family and their visiting relatives make last-minute preparations for their upcoming vacation. Home Alone Comedy
62%
The computer functions of an enormous space ship come alive as it detects a transmission from another planet on its return to Earth. The crew is awakened from stasis. Alien Science Fiction Horror
45%
A gong is struck and a red cloud appears, from which a female singer and chorus line dancers emerge. The performer sings in Mandarin and English. During the show, two men negotiate the purchase of ancient remains, with the buyer poisoning the seller. Indiana Jones and the Temple of Doom Action/Adventure
44%
A montage showing a teenage girl hanging out with her friends ends with her using a computer system to select her wardrobe for the upcoming school day. Clueless Comedy
43%
Nazi soldiers drag a young boy away from his parents after they arrive at a concentration camp. As the boy screams and reaches for his mother and father, the camp's metal gates bend toward him until he is knocked unconscious by the guards. X-Men Science Fiction
39%
While playing video games, a sick boy is visited by his grandfather who wants to read him a book. The Princess Bride Action/Adventure
38%
A teenage boy sneaks into his friend's garage and tests an over-sized speaker system before realizing he's late for school. Back to the Future Science Fiction Comedy
37%
A mother and son leave Newark, New Jersey and drive cross-country to their new apartment in Reseda, California. The Karate Kid Sports Drama
31%
A man tries to disembark a plane at LAX while holding an extremely large stuffed bear. Die Hard Action
26%
Waves crash on a beach and upon a disheveled man in the water. He sees two children playing in the sand before being apprehended by armed agents. Inception Science Fiction
26%
In the dark of night, a man sits in his car, across the street from a house. He gathers a revolver and a bottle of alcohol, then takes a swig. The Shawshank Redemption Drama
24%
A couple returns home to celebrate the husband's professional award. In their bedroom, he is shot by an an intruder he knew from his past, who then turns the gun on himself. The Sixth Sense Thriller
21%
A woman seemingly lies dead on a hotel room bed while two men speak in Russian and a computer technician watches the whole thing on his monitor. Mission: Impossible Action
12%
A delivery man picks up a package from a metal worker in a remote workshop. Cast Away Adventure Drama
11%
A woman's voice narrates over the rewatching of a 1980s Monday Night Football game. The Blind Side Sports Drama
11%
In the 1930s, a man sits on a bench at a train station and begins to reminisce of playing baseball with his father. The Natural Sports Drama
11%
The camera zooms in from a wide urban view to a room in which two lovers that just finished a mid-day tryst are conversing about the feasibility of legitimizing their relationship. Psycho Horror
6%
No matching quizzes found
Score Distribution
Percent of People with Each Score
Percentile by Number Answered
Your Score History
You have not taken this quiz